Perennials / (Record no. 39275)
[ view plain ]
| 000 -LEADER | |
|---|---|
| fixed length control field | 00531nam a22001811a 4500 |
| 003 - CONTROL NUMBER IDENTIFIER | |
| control field | NEGST |
| 005 - DATE AND TIME OF LATEST TRANSACTION | |
| control field | 20110718132938.0 |
| 008 - FIXED-LENGTH DATA ELEMENTS--GENERAL INFORMATION | |
| fixed length control field | 030714s nyu 001 0 eng d |
| 100 1# - MAIN ENTRY--PERSONAL NAME | |
| Personal name | Crockett,, James underwood. |
| 245 10 - TITLE STATEMENT | |
| Title | Perennials / |
| Statement of responsibility, etc | James Underwood Crockett. |
| Medium | [Text] |
| 260 ## - PUBLICATION, DISTRIBUTION, ETC. (IMPRINT) | |
| Place of publication, distribution, etc | New York |
| Name of publisher, distributor, etc | Time-Life Books |
| 300 ## - PHYSICAL DESCRIPTION | |
| Extent | 160p. |
| 440 #0 - SERIES STATEMENT/ADDED ENTRY--TITLE | |
| Title | Time-Life Encyclopedia of Hardening |
| 500 ## - GENERAL NOTE | |
| General note | Includes bibliographical references and index. |
| 590 ## - LOCAL NOTE (RLIN) | |
| Local note | Accession number: 29945 |
| 650 #0 - SUBJECT ADDED ENTRY--TOPICAL TERM | |
| Topical term or geographic name as entry element | Gardening. |
| Withdrawn status | Lost status | Source of classification or shelving scheme | Damaged status | Not for loan | Collection code | Home library | Current library | Shelving location | Date acquired | Cost, normal purchase price | Total Checkouts | Full call number | Barcode | Date last seen | Copy number | Price effective from | Koha item type |
|---|---|---|---|---|---|---|---|---|---|---|---|---|---|---|---|---|---|
| Library of Congress Classification | General Circulation | AIU/NEGST - Tony Wilmot Memorial Library | AIU/NEGST - Tony Wilmot Memorial Library | General Stacks | 11/02/2009 | 19.00 | SB 434.C56 1972 | R07811F3232 | 09/26/2019 | 1 | 11/02/2009 | Books |
